Le nom de toutes les parties de Jojo's Bizarre Adventure - Statistiques

Statistiques générales
  • Ce quiz a été pris 109 fois
  • Le résultat moyen est 8 sur 9
Statistiques - réponses
Partie Titre % Correct
Partie 7 Steel Ball Run
97%
Partie 1 Phantom Blood
95%
Partie 5 Golden Wind
92%
Partie 6 Stone Ocean
91%
Partie 4 Diamond is Unbreakable
89%
Partie 8 JoJoLion
86%
Partie 3 Stardust Crusaders
86%
Partie 2 Battle Tendency
81%
Partie 9 The JOJOLands
67%
Aucun quiz correspondant
Distribution des résultats
% des personnes avec chaque résultat
Percentile par nombre de réponses
Votre historique - résultats
Vous n’avez pas pris ce quiz